[Event "Geraardsbergen op"]
[Site "Geraardsbergen"]
[Date "2003.08.15"]
[Round "4"]
[White "London, Frank"]
[Black "Mahieu, Rimsky"]
[Result "1/2-1/2"]
[WhiteElo "1749"]
[BlackElo "1995"]
[PlyCount "73"]
[EventDate "2003.08.??"]
[EventType "swiss"]
[EventRounds "7"]
[EventCountry "BEL"]
[SourceTitle "EXT 2005"]
[Source "ChessBase"]
[SourceDate "2004.11.15"]
[SourceVersion "1"]
[SourceVersionDate "2004.11.15"]
[SourceQuality "1"]

1. e4 d5 2. exd5 Qxd5 3. Nc3 Qa5 4. Bc4 Nf6 5. d3 Bg4 6. f3 Bh5 7. Bd2 c6 8. Nge2 e6 9. Ng3 Bg6 10. Qe2 Nbd7 11. h4 Qc7 12. f4 Bd6 13. Rf1 0-0-0 14. 0-0-0 h5 15. Nge4 Be7 16. Ng5 Rhf8 17. f5 Bxf5 18. Rxf5 exf5 19. Qxe7 Rde8 20. Qa3 Nb6 21. Qxa7 Re7 22. Rf1 Nxc4 23. dxc4 Qb8 24. Qc5 Qe5 25. Qa7 Rd8 26. Qa8+ Kc7 27. Nb5+ cxb5 28. Ba5+ b6 29. Qa7+ Kc8 30. Qa8+ Qb8 31. Qc6+ Qc7 32. Qa8+ Kd7 33. Rd1+ Ke8 34. Rxd8+ Qxd8 35. Qxd8+ Kxd8 36. Bxb6+ Ke8 37. cxb5 1/2-1/2